01488cas a2200301 a 450000100100000000500170001000800410002704000250006804300090009313000220010224500160012426000700014030000260021031000120023636200380024850000520028665000980033865000900043665000850052665000820061165000810069365000770077465000970085165001080094865100620105671000510111899900170116900003706020260430123329.0980720c20029999dr mr pdd 0 z0spa d aDO-SdBNPbspacBNPHU anwdr0 aHorizontes96346300aHorizontes. aSanto Domingo :bVisión Mundial República Dominicana,c2002-. av. - :bil. ;c28 cm. aMensual1 aInicia con: Año 1. No.1 (2002). aDescripción basada en: Año 1. No. 1 (2002).24aDesarrollo económico comunitariozRepública DominicanavPUBLICACIONES PERIÓDICAS96346424aSostenibilidad comunitariazRepública DominicanavPUBLICACIONES PERIÓDICAS96346524aEmpoderamiento socialzRepública DominicanavPUBLICACIONES PERIÓDICAS96346624aComunidades pobreszRepública DominicanavPUBLICACIONES PERIÓDICAS96346724aSalud comunitariazRepública DominicanavPUBLICACIONES PERIÓDICAS96346820aEducación zRepública DominicanavPublicaciones periódicas 93428524aSaneamiento ambiental comunitariozRepública DominicanavPUBLICACIONES PERIÓDICAS96346924aAtención a niños, niñas y adolescenteszRepública DominicanavPUBLICACIONES PERIÓDICAS963470 0aRepública DominicanaxPublicaciones Periódicas9334942 aVisión Mundial República Dominicana963471 c36550d36550